[Event "Ontario op U2100"]
[Site "Oakville CAN"]
[Date "2019.05.20"]
[Round "6.20"]
[White "Sharma, Vishruth"]
[Black "Liu, Henry"]
[Result "1/2-1/2"]
[WhiteElo "1772"]
[BlackElo "1985"]
[PlyCount "111"]
[EventDate "2019.05.18"]
[EventType "swiss"]
[EventRounds "3"]
[EventCountry "CAN"]

1. e4 e6 2. d4 d5 3. Nd2 Nf6 4. e5 Nfd7 5. Bd3 c5 6. c3 b6 7. Qe2 cxd4 8. cxd4
Nc6 9. Ngf3 Nb4 10. O-O Nxd3 11. Qxd3 a5 12. Rd1 Ba6 13. Qe3 Be7 14. Nf1 O-O
15. Bd2 b5 16. Rac1 b4 17. b3 Rc8 18. Rxc8 Qxc8 19. Rc1 Qb7 20. Ng5 h6 21. Nh3
Rc8 22. f4 Rxc1 23. Bxc1 Qb5 24. Nd2 Qc6 25. Nf3 Nb6 26. Nf2 a4 27. Qd2 Nc8 28.
g4 axb3 29. axb3 Qc3 30. Qxc3 bxc3 31. Ne1 Na7 32. Nc2 Nc6 33. Nd1 Nb4 34. Nde3
Nd3 35. Ba3 Bxa3 36. Nxa3 Nxf4 37. Kf2 Nd3+ 38. Kf3 Nb4 39. Nec2 Nxc2 40. Nxc2
Kf8 41. Nb4 Bb5 42. Na2 c2 43. Ke3 Ke7 44. Kd2 Kd7 45. Kxc2 Be2 46. h3 g5 47.
Nc3 Bf3 48. Nd1 h5 49. gxh5 Bxh5 50. Nf2 Bf3 51. Kc3 Kc6 52. Kb4 Kb6 53. Ng4
Be4 54. Nf2 Bg2 55. Ka4 Bf1 56. Kb4 1/2-1/2

[Event "Ontario op U2100"]
[Site "Oakville CAN"]
[Date "2019.05.20"]
[Round "6.21"]
[White "Vlasov, John"]
[Black "Samokysh, Yevhen"]
[Result "1/2-1/2"]
[WhiteElo "1817"]
[BlackElo "1787"]
[PlyCount "140"]
[EventDate "2019.05.18"]
[EventType "swiss"]
[EventRounds "3"]
[EventCountry "CAN"]

1. d4 Nf6 2. c4 e6 3. a3 d5 4. cxd5 exd5 5. Bg5 h6 6. Bh4 Be7 7. Nc3 O-O 8. e3
c6 9. Bd3 Bg4 10. Qc2 Nbd7 11. h3 Be6 12. f4 Nb6 13. Nf3 Ne8 14. Bf2 Nd6 15.
O-O Qc8 16. Kh2 Bf5 17. g4 Bxd3 18. Qxd3 f5 19. Rg1 Ne4 20. Qe2 Kh7 21. Nxe4
fxe4 22. Ne5 g6 23. Rg2 Nd7 24. Bg3 Qd8 25. Rf1 c5 26. Rgf2 cxd4 27. exd4 Nxe5
28. fxe5 Rxf2+ 29. Rxf2 Kg8 30. Bf4 g5 31. Bd2 Qd7 32. Qf1 Qe6 33. Kg3 Rf8 34.
Rxf8+ Bxf8 35. Qf5 Qf7 36. h4 Be7 37. hxg5 Qxf5 38. gxf5 Bxg5 39. Bc3 h5 40. a4
b6 41. Be1 Kf7 42. Kg2 a6 43. Bf2 b5 44. axb5 axb5 45. b3 Bd2 46. Kf1 Bf4 47.
Ke2 Bg5 48. Bg3 Ke8 49. Bh2 Kf7 50. Bg3 Ke8 51. Bh2 h4 52. Kf2 Bc1 53. Ke2 Bb2
54. Ke3 Kf7 55. e6+ Ke7 56. Be5 Bc3 57. Bf4 Bb2 58. Bg5+ Ke8 59. Bxh4 Bc1+ 60.
Ke2 Bh6 61. Bf6 Bf8 62. Be5 Ke7 63. Bg3 Bg7 64. Bh4+ Bf6 65. Bxf6+ Kxf6 66. Ke3
Ke7 67. Kf4 Kf6 68. b4 Ke7 69. Kg4 Kf6 70. Kf4 Ke7 1/2-1/2

[Event "Ontario op U2100"]
[Site "Oakville CAN"]
[Date "2019.05.20"]
[Round "6.22"]
[White "Baylon, Glenda"]
[Black "Gilani, Mysha"]
[Result "1-0"]
[WhiteElo "1954"]
[BlackElo "1763"]
[PlyCount "111"]
[EventDate "2019.05.18"]
[EventType "swiss"]
[EventRounds "3"]
[EventCountry "CAN"]

1. d4 Nf6 2. c4 e6 3. Nc3 d5 4. cxd5 exd5 5. Nf3 Nbd7 6. Bg5 Be7 7. e3 h6 8.
Bf4 a6 9. Rc1 O-O 10. h3 c6 11. Bd3 Bb4 12. O-O Re8 13. a3 Ba5 14. b4 Bc7 15.
Bxc7 Qxc7 16. Qb3 Nb6 17. Ne5 Be6 18. Qd1 Rad8 19. Qe2 Qd6 20. Qc2 Nfd7 21.
Nxd7 Qxd7 22. Ne2 Qe7 23. Ng3 Qf6 24. Qe2 Nd7 25. a4 Nf8 26. b5 axb5 27. axb5
Bd7 28. bxc6 bxc6 29. Rb1 Ne6 30. Qc2 Ng5 31. Bf5 Bxf5 32. Qxf5 Qxf5 33. Nxf5
Ne4 34. Rfc1 Re6 35. Rxc6 Rxc6 36. Ne7+ Kh7 37. Nxc6 Rd6 38. Ne5 Rf6 39. f3 Nc3
40. Rb3 Nd1 41. Kf1 Re6 42. Ke2 f6 43. Nd7 Nxe3 44. Rxe3 Rc6 45. Nc5 Rb6 46.
Rb3 Rc6 47. Rb7 Rc8 48. Rd7 Re8+ 49. Kf2 Ra8 50. Rxd5 Ra2+ 51. Kg3 Rd2 52. Ne6
Kg6 53. Nf4+ Kf7 54. Rd7+ Ke8 55. Rxg7 Rxd4 56. Rg6 1-0

[Event "Ontario op U2100"]
[Site "Oakville CAN"]
[Date "2019.05.20"]
[Round "6.23"]
[White "Hua, Michelle"]
[Black "Xie, Austin"]
[Result "1/2-1/2"]
[WhiteElo "1792"]
[BlackElo "1800"]
[PlyCount "58"]
[EventDate "2019.05.18"]
[EventType "swiss"]
[EventRounds "3"]
[EventCountry "CAN"]

1. c4 e5 2. g3 c6 3. d4 exd4 4. Qxd4 Nf6 5. Bg2 d5 6. cxd5 cxd5 7. Nf3 Nc6 8.
Qd1 Bc5 9. O-O O-O 10. Bg5 Be6 11. Nc3 Be7 12. Nd4 Qb6 13. Nxe6 fxe6 14. Bxf6
Bxf6 15. Qd2 Ne5 16. Rab1 Nc4 17. Qc2 Bd4 18. e3 Bxc3 19. Qxc3 Rac8 20. Qd3 Qa5
21. a3 Qd2 22. Qb3 Qe2 23. Qd1 Qxd1 24. Rfxd1 Ne5 25. e4 Rc2 26. f4 Nc4 27.
Rdc1 Rxc1+ 28. Rxc1 Rd8 29. exd5 exd5 1/2-1/2

[Event "Ontario op U2100"]
[Site "Oakville CAN"]
[Date "2019.05.20"]
[Round "6.24"]
[White "Momic, Jovan"]
[Black "Milinkovic, Mate"]
[Result "0-1"]
[WhiteElo "1926"]
[BlackElo "1851"]
[PlyCount "34"]
[EventDate "2019.05.18"]
[EventType "swiss"]
[EventRounds "3"]
[EventCountry "CAN"]

1. d4 Nf6 2. c4 e6 3. Nf3 c5 4. Nc3 cxd4 5. Nxd4 Nc6 6. e3 d5 7. a3 Be7 8. b4
O-O 9. Nxc6 bxc6 10. c5 a5 11. Bb2 Ba6 12. Bd3 Qb8 13. Bxa6 Rxa6 14. Qd3 Qb7
15. Qd4 axb4 16. Qxb4 Qa7 17. O-O-O Rb8 0-1

[Event "Ontario-ch U19 w"]
[Site "Toronto CAN"]
[Date "2019.03.02"]
[Round "3"]
[White "Wu, Ingrid"]
[Black "Hua, Michelle"]
[Result "0-1"]
[WhiteElo "1278"]
[BlackElo "1831"]
[PlyCount "96"]
[EventDate "2019.03.02"]
[EventType "swiss"]
[EventRounds "5"]
[EventCountry "CAN"]

1. e4 c5 2. Nf3 d6 3. d4 cxd4 4. Nxd4 Nf6 5. Nc3 g6 6. Be3 Bg7 7. f3 O-O 8. Qd2
Nc6 9. O-O-O Bd7 10. h4 Ne5 11. Be2 Rc8 12. g4 Nc4 13. Bxc4 Rxc4 14. h5 a6 15.
hxg6 fxg6 16. Bh6 Rf7 17. Bxg7 Rxg7 18. g5 Nh5 19. Nf5 Bxf5 20. Qd5+ Kh8 21.
Qxc4 Bd7 22. Ne2 Bb5 23. Qc3 Bxe2 24. Rdg1 Bb5 25. Rh2 Qf8 26. Rgh1 Kg8 27. Kb1
Rf7 28. Rf2 Bc6 29. Re1 Qg7 30. Qe3 Qe5 31. c3 Qf4 32. Qd3 Qxg5 33. b3 Nf4 34.
Qf1 Bb5 35. c4 Bd7 36. Rh2 h5 37. Kc2 Qg3 38. Rd2 Bh3 39. Qf2 Qxf2 40. Rxf2 g5
41. Rg1 g4 42. fxg4 hxg4 43. Rh2 Rg7 44. Rf2 e5 45. Kd2 g3 46. Rf3 g2 47. Ke1
Be6 48. Kf2 Nh3+ 0-1

[Event "Ontario-ch U19 w"]
[Site "Toronto CAN"]
[Date "2019.03.03"]
[Round "5"]
[White "Shen, Isamel"]
[Black "Peng, Sarah"]
[Result "1-0"]
[WhiteElo "1645"]
[BlackElo "1775"]
[PlyCount "111"]
[EventDate "2019.03.02"]
[EventType "swiss"]
[EventRounds "5"]
[EventCountry "CAN"]

1. e4 e5 2. Nf3 Nc6 3. Bb5 a6 4. Ba4 Nf6 5. O-O Be7 6. Re1 b5 7. Bb3 O-O 8. c3
Bb7 9. d4 d6 10. Nbd2 Nb8 11. dxe5 dxe5 12. Nxe5 Bc5 13. Qe2 Qe7 14. Nef3 Ng4
15. Nd4 Qd7 16. N2f3 h6 17. Bf4 Nf6 18. Qc2 Qg4 19. Bxc7 Bxe4 20. Rxe4 Qxe4 21.
Qxe4 Nxe4 22. Bd5 Ra7 23. Bxb8 Re7 24. h3 Nf6 25. Bb3 Rfe8 26. Bf4 g5 27. Be3
Rb7 28. Nf5 Bf8 29. N3d4 Re5 30. f3 a5 31. a4 bxa4 32. Rxa4 Nd5 33. Bxd5 Rxd5
34. b3 Kh7 35. g4 Re5 36. Kf2 Rc7 37. c4 Bb4 38. Ra2 Rd7 39. Rc2 Bc5 40. Rd2
Bb4 41. Rc2 Bc5 42. Kg3 Bb4 43. Re2 Bc5 44. Kf2 Rb7 45. Rc2 Bb4 46. Nc6 Re8 47.
Nxb4 Rxb4 48. Rc3 Ra8 49. c5 a4 50. bxa4 Rb2+ 51. Kg3 Rxa4 52. f4 f6 53. c6
Raa2 54. c7 Rg2+ 55. Kf3 gxf4 56. c8=Q 1-0

[Event "Ontario-ch U20"]
[Site "Mississauga CAN"]
[Date "2019.01.12"]
[Round "1.2"]
[White "Hua, Eugene"]
[Black "Ajith, Aayush"]
[Result "1-0"]
[WhiteElo "2422"]
[BlackElo "1877"]
[PlyCount "57"]
[EventDate "2019.01.12"]
[EventType "swiss"]
[EventRounds "5"]
[EventCountry "CAN"]

1. e4 c5 2. Nf3 d6 3. d4 cxd4 4. Qxd4 a6 5. h3 Nf6 6. c4 Nc6 7. Qe3 g6 8. Nc3
Bg7 9. Be2 O-O 10. O-O Nd7 11. Rb1 Nde5 12. Rd1 Be6 13. c5 Qc7 14. cxd6 exd6
15. b3 Rfe8 16. Bb2 Rad8 17. Ng5 Qe7 18. Nxe6 fxe6 19. f4 Nd7 20. Rd2 Nc5 21.
Rbd1 d5 22. exd5 exd5 23. Qxe7 Rxe7 24. Nxd5 Rxd5 25. Bc4 Bxb2 26. Bxd5+ Kg7
27. Rxb2 Nb4 28. Rbd2 Ncd3 29. Rxd3 1-0

[Event "Ontario-ch U20"]
[Site "Mississauga CAN"]
[Date "2019.01.12"]
[Round "1.3"]
[White "Liu, Henry"]
[Black "Demchenko, Svitlana"]
[Result "0-1"]
[WhiteElo "1876"]
[BlackElo "2347"]
[PlyCount "54"]
[EventDate "2019.01.12"]
[EventType "swiss"]
[EventRounds "5"]
[EventCountry "CAN"]

1. c4 f5 2. Nf3 Nf6 3. Nc3 g6 4. g3 Bg7 5. Bg2 d6 6. d4 O-O 7. O-O h6 8. a3
Nbd7 9. b4 e5 10. e3 g5 11. Qc2 e4 12. Nd2 c6 13. a4 Qe8 14. c5 d5 15. b5 f4
16. Re1 Qh5 17. Nb3 fxg3 18. fxg3 Ng4 19. h3 Nf2 20. Rf1 Nxh3+ 21. Bxh3 Qxh3
22. Qg2 Nf6 23. Na5 Qh5 24. Re1 Bh3 25. Qc2 Qg4 26. Ba3 Qxg3+ 27. Kh1 Ng4 0-1

[Event "Ontario-ch U20"]
[Site "Mississauga CAN"]
[Date "2019.01.12"]
[Round "1.4"]
[White "Zhao, Jeffrey Renfei"]
[Black "Ning, Alwin"]
[Result "1-0"]
[WhiteElo "2058"]
[BlackElo "1836"]
[PlyCount "55"]
[EventDate "2019.01.12"]
[EventType "swiss"]
[EventRounds "5"]
[EventCountry "CAN"]

1. e4 e5 2. Nf3 Nc6 3. Bc4 Bc5 4. c3 Nf6 5. d3 h6 6. Bb3 d6 7. Nbd2 Bg4 8. O-O
O-O 9. Re1 Re8 10. Nf1 Be6 11. Ng3 d5 12. Nh4 Ng4 13. Nhf5 Nxf2 14. Qf3 Nxd3+
15. Be3 Nxe1 16. Rxe1 Bxe3+ 17. Qxe3 Bxf5 18. Nxf5 dxe4 19. Nxh6+ gxh6 20. Qxh6
Qd6 21. Qh5 Qc5+ 22. Kf1 Qe7 23. Qg6+ Kf8 24. Qh6+ Kg8 25. Re3 Qh4 26. Qxh4 Kf8
27. Qf6 Nd8 28. Rh3 1-0

[Event "Ontario-ch U20"]
[Site "Mississauga CAN"]
[Date "2019.01.12"]
[Round "1.5"]
[White "Hack, Justin"]
[Black "Ning, Eric"]
[Result "0-1"]
[WhiteElo "1818"]
[BlackElo "2056"]
[PlyCount "50"]
[EventDate "2019.01.12"]
[EventType "swiss"]
[EventRounds "5"]
[EventCountry "CAN"]

1. d4 Nf6 2. c4 g6 3. Nc3 d5 4. cxd5 Nxd5 5. Bd2 Bg7 6. e4 Nxc3 7. Bxc3 O-O 8.
Nf3 c5 9. d5 e6 10. d6 Nc6 11. Qd2 e5 12. Qd5 Nd4 13. O-O-O Be6 14. Qxc5 Bxa2
15. Qa3 Bh6+ 16. Nd2 Bb3 17. Re1 Rc8 18. Bd3 Qg5 19. Kb1 Rxc3 20. bxc3 Qxd2 21.
cxd4 Qxd3+ 22. Ka1 Bd2 23. Rc1 Qxd4+ 24. Qb2 Qa4+ 25. Kb1 Qxe4+ 0-1

[Event "Ontario-ch U20"]
[Site "Mississauga CAN"]
[Date "2019.01.12"]
[Round "1.6"]
[White "Rusonik, Max"]
[Black "Xie, Austin"]
[Result "1-0"]
[WhiteElo "2046"]
[BlackElo "1814"]
[PlyCount "63"]
[EventDate "2019.01.12"]
[EventType "swiss"]
[EventRounds "5"]
[EventCountry "CAN"]

1. e4 b6 2. d4 Bb7 3. Bd3 Nf6 4. Qe2 e6 5. Nf3 d6 6. O-O Nbd7 7. a4 Be7 8. a5
bxa5 9. Bd2 O-O 10. Bxa5 Qc8 11. Nbd2 e5 12. dxe5 Nxe5 13. Nxe5 dxe5 14. Nc4
Bd6 15. f4 Bc5+ 16. Kh1 exf4 17. Rxf4 Re8 18. e5 Qh3 19. Bf5 Qh6 20. Bd2 g5 21.
Rff1 Kh8 22. b4 Nh5 23. Qg4 Be7 24. Ra3 Bc8 25. Bxc8 Raxc8 26. Rh3 Qg6 27. Qxh5
Qxc2 28. e6 f6 29. Bc3 Rcd8 30. Rxf6 Bxf6 31. Bxf6+ Kg8 32. Qf7# 1-0

[Event "Ontario-ch U20"]
[Site "Mississauga CAN"]
[Date "2019.01.12"]
[Round "1.7"]
[White "Liao, Joseph"]
[Black "Gao, Raymond"]
[Result "0-1"]
[WhiteElo "1796"]
[BlackElo "2001"]
[PlyCount "62"]
[EventDate "2019.01.12"]
[EventType "swiss"]
[EventRounds "5"]
[EventCountry "CAN"]

1. e4 c5 2. Ne2 d6 3. g3 g6 4. Bg2 Bg7 5. c3 Nc6 6. d4 cxd4 7. cxd4 Qb6 8. Nbc3
Nf6 9. h3 Na5 10. O-O O-O 11. Bg5 h6 12. Be3 Nc4 13. b3 Nxe3 14. fxe3 Rd8 15.
Nf4 e6 16. Qd2 Bd7 17. Rf2 Rac8 18. Raf1 Be8 19. Nfe2 Nh7 20. h4 Rc7 21. Bh3
Rdc8 22. Rc1 Qa5 23. Qd3 b5 24. b4 Qxb4 25. Rb1 Rxc3 26. Nxc3 Rxc3 27. Qf1 Qa3
28. h5 Rxe3 29. Rxb5 Rxg3+ 30. Bg2 Bxb5 31. Qxb5 Ng5 0-1

[Event "Ontario-ch U20"]
[Site "Mississauga CAN"]
[Date "2019.01.12"]
[Round "1.8"]
[White "Papneja, Arul"]
[Black "Ramesh, Sanjay"]
[Result "1-0"]
[WhiteElo "1999"]
[BlackElo "1744"]
[PlyCount "119"]
[EventDate "2019.01.12"]
[EventType "swiss"]
[EventRounds "5"]
[EventCountry "CAN"]

1. d4 d5 2. Bf4 Nf6 3. e3 Bf5 4. c4 e6 5. Nc3 c6 6. Qb3 Qb6 7. c5 Qxb3 8. axb3
Nbd7 9. Nf3 Nh5 10. Kd2 Nxf4 11. exf4 Be7 12. Bd3 Bxd3 13. Kxd3 O-O 14. Rhe1
Bf6 15. Ra4 b6 16. Ne5 Bxe5 17. fxe5 bxc5 18. f4 Rfb8 19. Rea1 cxd4 20. Kxd4
c5+ 21. Kd3 Rb7 22. Ra5 Kf8 23. R1a3 Ke7 24. Na4 Rab8 25. Kc3 Rc7 26. Kd2 f6
27. exf6+ gxf6 28. Nc3 Rcb7 29. Kc2 c4 30. Rxa7 Rxb3 31. Rxb3 Rxb3 32. Na4 Rb5
33. Nc3 Rb6 34. f5 d4 35. Na4 Rc6 36. fxe6 Kxe6 37. Ra8 Nb6 38. Ra6 Nxa4 39.
Rxc6+ Kd5 40. Ra6 d3+ 41. Kc1 Nc5 42. Rxf6 d2+ 43. Kd1 Ne4 44. Rf8 Kd4 45. Rd8+
Ke3 46. Re8 Kd3 47. Rxe4 Kxe4 48. Kxd2 Kd5 49. Kc3 h5 50. g3 Ke4 51. h3 Kf3 52.
g4 hxg4 53. hxg4 Kxg4 54. Kxc4 Kf5 55. Kd5 Kf6 56. Kd6 Kf7 57. b4 Kf8 58. Kc7
Ke7 59. b5 Ke6 60. b6 1-0

[Event "Ontario-ch U20"]
[Site "Mississauga CAN"]
[Date "2019.01.12"]
[Round "2.2"]
[White "Ning, Eric"]
[Black "Hua, Eugene"]
[Result "0-1"]
[WhiteElo "2056"]
[BlackElo "2422"]
[PlyCount "98"]
[EventDate "2019.01.12"]
[EventType "swiss"]
[EventRounds "5"]
[EventCountry "CAN"]

1. d4 Nf6 2. c4 e6 3. Nf3 d5 4. cxd5 exd5 5. Nc3 Bb4 6. Bf4 O-O 7. e3 c5 8. a3
Bxc3+ 9. bxc3 Qa5 10. Qb3 c4 11. Qb2 Ne4 12. Rc1 Nd7 13. Nd2 Nxd2 14. Kxd2 Nb6
15. Be2 Bf5 16. g4 Bd3 17. Qb4 Qxb4 18. axb4 Bxe2 19. Kxe2 Na4 20. Rc2 Rfc8 21.
Kf3 Re8 22. Re1 Re6 23. Ree2 Rae8 24. Re1 b5 25. g5 f6 26. h4 Kf7 27. Kg4 Rh8
28. f3 Rhe8 29. h5 fxg5 30. Kxg5 h6+ 31. Kg4 g6 32. Be5 Rg8 33. hxg6+ Rexg6+
34. Kf4 Rg2 35. Rxg2 Rxg2 36. Rh1 Kg6 37. e4 Nxc3 38. exd5 Nxd5+ 39. Ke4 Nc3+
40. Kf4 Ne2+ 41. Ke3 c3 42. d5 c2 43. Bb2 h5 44. Re1 Ng3 45. Kf4 Re2 46. Rg1 h4
47. Kg4 Rh2 48. d6 Kf7 49. Be5 Rh1 0-1

[Event "Ontario-ch U20"]
[Site "Mississauga CAN"]
[Date "2019.01.12"]
[Round "2.3"]
[White "Demchenko, Svitlana"]
[Black "Papneja, Arul"]
[Result "1-0"]
[WhiteElo "2347"]
[BlackElo "1999"]
[PlyCount "99"]
[EventDate "2019.01.12"]
[EventType "swiss"]
[EventRounds "5"]
[EventCountry "CAN"]

1. e4 e6 2. d4 d5 3. Nd2 c5 4. exd5 Qxd5 5. Ngf3 cxd4 6. Bc4 Qd7 7. Nb3 Nc6 8.
Nbxd4 Nxd4 9. Nxd4 a6 10. O-O Nf6 11. c3 b5 12. Bd3 Bc5 13. Nb3 Bb6 14. Qe2 Bb7
15. Be3 Qc6 16. f3 Nd5 17. Bxb6 Qxb6+ 18. Qf2 Qxf2+ 19. Kxf2 Nf4 20. Bc2 Rc8
21. Nd2 Ke7 22. g3 Rhd8 23. Nb3 Nd3+ 24. Bxd3 Rxd3 25. Ke2 Rd5 26. Rac1 Rcd8
27. f4 Rh5 28. Rf2 Bd5 29. Nd4 Bc4+ 30. Ke3 Rc5 31. g4 f6 32. b3 Bd5 33. Rfc2
Ba8 34. c4 bxc4 35. Rxc4 Rxc4 36. Rxc4 Rd6 37. Rc7+ Rd7 38. Nc6+ Kd6 39. Rxd7+
Kxd7 40. Nb8+ Kd6 41. Nxa6 Kc6 42. Nb4+ Kc5 43. Nd3+ Kb5 44. Kd4 Bd5 45. Kc3 h6
46. a4+ Ka5 47. Nc5 g5 48. fxg5 hxg5 49. b4+ Kb6 50. Nd7+ 1-0

[Event "Ontario-ch U20"]
[Site "Mississauga CAN"]
[Date "2019.01.12"]
[Round "2.4"]
[White "Ahmed, Syed Ibrahim"]
[Black "Zhao, Jeffrey Renfei"]
[Result "1/2-1/2"]
[WhiteElo "1824"]
[BlackElo "2058"]
[PlyCount "109"]
[EventDate "2019.01.12"]
[EventType "swiss"]
[EventRounds "5"]
[EventCountry "CAN"]

1. d4 d5 2. c4 e6 3. Nc3 Nf6 4. cxd5 exd5 5. Bg5 Be7 6. e3 c6 7. Bd3 Nbd7 8.
Nge2 Nh5 9. Bxe7 Qxe7 10. Ng3 Nxg3 11. hxg3 Nf6 12. Qc2 Be6 13. O-O-O O-O-O 14.
Kb1 Kb8 15. Ka1 Rhe8 16. Na4 h6 17. Rb1 Bc8 18. b4 Ne4 19. Bxe4 Qxe4 20. Qxe4
dxe4 21. Nc5 b6 22. Nb3 Be6 23. Kb2 Bxb3 24. Kxb3 Rd5 25. Rbc1 Kb7 26. Rc2 Re6
27. Kc3 Rf5 28. Rh4 g5 29. Rh1 g4 30. Rd2 Ref6 31. a4 Rxf2 32. Rxh6 Rxd2 33.
Rxf6 Rd3+ 34. Kc4 Rxe3 35. Rxf7+ Kb8 36. Rf4 Rxg3 37. Rxe4 Rxg2 38. b5 cxb5+
39. axb5 Rc2+ 40. Kd5 g3 41. Rg4 g2 42. Kd6 Rb2 43. Kc6 Rc2+ 44. Kd6 Rb2 45. d5
Rxb5 46. Rxg2 Rb1 47. Rc2 Rh1 48. Kc6 Kc8 49. d6 Kd8 50. Rf2 Rc1+ 51. Kb7 Kd7
52. Kxa7 Rc6 53. Rb2 Kxd6 54. Rxb6 Rxb6 55. Kxb6 1/2-1/2

[Event "Ontario-ch U20"]
[Site "Mississauga CAN"]
[Date "2019.01.12"]
[Round "2.5"]
[White "Gao, Raymond"]
[Black "Huang, Youhe"]
[Result "1/2-1/2"]
[WhiteElo "2001"]
[BlackElo "1960"]
[PlyCount "64"]
[EventDate "2019.01.12"]
[EventType "swiss"]
[EventRounds "5"]
[EventCountry "CAN"]

1. e4 Nc6 2. Nf3 d6 3. d4 Nf6 4. Nc3 g6 5. Bc4 Bg4 6. Be3 e5 7. d5 Ne7 8. h3
Bd7 9. Qd2 h6 10. Nh2 g5 11. h4 g4 12. Nf1 Ng6 13. h5 Ne7 14. Ng3 a6 15. a4 Nc8
16. a5 c5 17. dxc6 bxc6 18. Qd3 Qc7 19. Bxa6 d5 20. Bxc8 Bxc8 21. exd5 Ba6 22.
Qf5 Nxd5 23. Nge4 Be7 24. Nxd5 cxd5 25. Nf6+ Bxf6 26. Qxf6 Rg8 27. Rd1 Qxa5+
28. Bd2 Qb6 29. Qxe5+ Kd7 30. Qf5+ Kc6 31. Qf6+ Kb7 32. Qxf7+ Kc6 1/2-1/2

[Event "Ontario-ch U20"]
[Site "Mississauga CAN"]
[Date "2019.01.12"]
[Round "2.6"]
[White "Ajith, Aayush"]
[Black "Hack, Justin"]
[Result "0-1"]
[WhiteElo "1877"]
[BlackElo "1818"]
[PlyCount "76"]
[EventDate "2019.01.12"]
[EventType "swiss"]
[EventRounds "5"]
[EventCountry "CAN"]

1. d4 Nf6 2. c4 e6 3. Nc3 Bb4 4. Qc2 O-O 5. e4 Bxc3+ 6. bxc3 d6 7. Nf3 e5 8. h3
Re8 9. d5 h6 10. Be2 Nbd7 11. Be3 b6 12. O-O Nf8 13. Nd2 Ng6 14. Kh2 Nf4 15.
Bxf4 exf4 16. Bd3 Nd7 17. Nf3 Ne5 18. Nxe5 Rxe5 19. Qd1 Qh4 20. Qf3 Rg5 21. Be2
Bd7 22. Rg1 Re8 23. Rae1 Ree5 24. Bf1 Rg6 25. g3 fxg3+ 26. Rxg3 Rf6 27. Qg2 g5
28. Ree3 Kf8 29. Be2 Rf4 30. Bf3 g4 31. Be2 gxh3 32. Qg1 Rexe4 33. Rxe4 Rxe4
34. Bf3 Re5 35. Rg8+ Ke7 36. Rg3 Qf4 37. Qf1 h5 38. Kh1 h4 0-1

[Event "Ontario-ch U20"]
[Site "Mississauga CAN"]
[Date "2019.01.12"]
[Round "2.7"]
[White "Xie, Austin"]
[Black "Liu, Henry"]
[Result "0-1"]
[WhiteElo "1814"]
[BlackElo "1876"]
[PlyCount "66"]
[EventDate "2019.01.12"]
[EventType "swiss"]
[EventRounds "5"]
[EventCountry "CAN"]

1. e4 e6 2. d4 d5 3. exd5 exd5 4. Nf3 Bd6 5. c4 c6 6. Nc3 Ne7 7. cxd5 cxd5 8.
Bd3 Nbc6 9. h3 h6 10. Qe2 Be6 11. Be3 Rc8 12. a3 a6 13. O-O O-O 14. Qd2 Bb8 15.
g4 Qd7 16. Na4 Ba7 17. Nc5 Bxc5 18. dxc5 Bxg4 19. Nh2 Bxh3 20. Rfe1 Ne5 21.
Bxh6 Nf3+ 22. Kh1 Nxd2 23. Bxd2 Ng6 24. Bb4 Nh4 25. Re3 Bg2+ 26. Kg1 d4 27. Rg3
Bc6 28. Ng4 Kh8 29. Ne5 Qd5 30. Nxc6 Rxc6 31. Re1 Nf3+ 32. Kf1 Nxe1 33. Rh3+
Rh6 0-1

[Event "Ontario-ch U20"]
[Site "Mississauga CAN"]
[Date "2019.01.12"]
[Round "2.8"]
[White "Ning, Alwin"]
[Black "Liao, Joseph"]
[Result "1-0"]
[WhiteElo "1836"]
[BlackElo "1796"]
[PlyCount "71"]
[EventDate "2019.01.12"]
[EventType "swiss"]
[EventRounds "5"]
[EventCountry "CAN"]

1. e4 e6 2. d4 d5 3. e5 c5 4. c3 Nc6 5. Nf3 Bd7 6. Be2 Nge7 7. O-O Nf5 8. Be3
Qb6 9. Qd2 Be7 10. Rd1 f6 11. Bd3 Nxe3 12. fxe3 fxe5 13. dxe5 O-O-O 14. c4 Be8
15. cxd5 exd5 16. Nc3 Bh5 17. Nxd5 Rxd5 18. Bf5+ Kb8 19. Qxd5 c4 20. Re1 Bc5
21. Qe4 Re8 22. e6 Ne7 23. Ne5 Qb4 24. a3 Qb5 25. Nd7+ Ka8 26. Nxc5 Qxc5 27.
Bh3 Bg6 28. Qd4 Qg5 29. Rad1 Bd3 30. b3 Nc6 31. Qc3 Ne5 32. Kh1 Qh5 33. bxc4
Be4 34. Qd4 Qh4 35. Qxe5 Qxh3 36. Qxe4 1-0

[Event "Ontario-ch U20"]
[Site "Mississauga CAN"]
[Date "2019.01.12"]
[Round "3.2"]
[White "Gao, Raymond"]
[Black "Demchenko, Svitlana"]
[Result "0-1"]
[WhiteElo "2001"]
[BlackElo "2347"]
[PlyCount "110"]
[EventDate "2019.01.12"]
[EventType "swiss"]
[EventRounds "5"]
[EventCountry "CAN"]

1. e4 c5 2. Nf3 e6 3. d4 cxd4 4. Nxd4 a6 5. Nc3 Qc7 6. Be3 Nf6 7. Qf3 Nc6 8.
O-O-O Be7 9. Qg3 Qxg3 10. hxg3 Ng4 11. Nxc6 Nxe3 12. fxe3 dxc6 13. e5 Bg5 14.
Rd3 h5 15. Ne4 Bh6 16. Nd6+ Ke7 17. Be2 g6 18. Rhd1 b5 19. Bf3 Ra7 20. Bxc6 Rc7
21. Be4 Bg7 22. Ra3 Bxe5 23. Nxc8+ Rhxc8 24. Rxa6 Bxg3 25. Rb6 Bf2 26. Kd2 Rd8+
27. Bd3 f5 28. Rxb5 Bg3 29. Ke2 e5 30. e4 Kf6 31. a4 Rd4 32. exf5 e4 33. Bxe4
Rxe4+ 34. Kf3 Rg4 35. fxg6 Kxg6 36. Rdd5 Rf7+ 37. Ke3 Bf2+ 38. Kd2 Rxg2 39. Kc3
Rf3+ 40. Rd3 Be1+ 41. Kb3 Rxd3+ 42. cxd3 h4 43. Rb8 h3 44. Rh8 h2 45. d4 Bg3
46. a5 Rg1 47. a6 h1=Q 48. Rxh1 Rxh1 49. Kc4 Ra1 50. Kb5 Bf2 51. Kb6 Bxd4+ 52.
Kb7 Ra4 53. b3 Rb4+ 54. Ka8 Rxb3 55. a7 Bxa7 0-1

[Event "Ontario-ch U20"]
[Site "Mississauga CAN"]
[Date "2019.01.12"]
[Round "3.3"]
[White "Rusonik, Max"]
[Black "Ahmed, Syed Ibrahim"]
[Result "1-0"]
[WhiteElo "2046"]
[BlackElo "1824"]
[PlyCount "45"]
[EventDate "2019.01.12"]
[EventType "swiss"]
[EventRounds "5"]
[EventCountry "CAN"]

1. e4 e6 2. d4 d5 3. Nc3 Nf6 4. Bg5 Bb4 5. e5 h6 6. Bd2 Bxc3 7. bxc3 Ne4 8. Bd3
Nxd2 9. Qxd2 c5 10. Nf3 Nc6 11. O-O O-O 12. Rab1 a6 13. dxc5 Qa5 14. Qe3 Qc7
15. c4 dxc4 16. Bxc4 Bd7 17. Bd3 Na5 18. Rb4 Rac8 19. Rg4 Kh8 20. Qe4 g6 21.
Qf4 Kh7 22. Rh4 f5 23. Qxh6+ 1-0

[Event "Ontario-ch U20"]
[Site "Mississauga CAN"]
[Date "2019.01.12"]
[Round "3.4"]
[White "Papneja, Arul"]
[Black "Ning, Alwin"]
[Result "1-0"]
[WhiteElo "1999"]
[BlackElo "1836"]
[PlyCount "89"]
[EventDate "2019.01.12"]
[EventType "swiss"]
[EventRounds "5"]
[EventCountry "CAN"]

1. d4 d5 2. Bf4 Bf5 3. e3 e6 4. c4 c6 5. Qb3 Qb6 6. c5 Qxb3 7. axb3 Nd7 8. Nf3
Ngf6 9. h3 h6 10. Nc3 Be7 11. Be2 O-O 12. O-O b6 13. b4 a5 14. cxb6 Bxb4 15.
Na4 Bc2 16. b7 Ra7 17. Rfc1 Bxa4 18. Rxa4 Nb8 19. Ne5 Rxb7 20. Nxc6 Nxc6 21.
Rxc6 Ra7 22. Rb6 Raa8 23. Bb5 Rfd8 24. Kf1 Rac8 25. Bd3 Rc1+ 26. Ke2 Rdc8 27.
Bd6 Nd7 28. Ra6 Nb8 29. Bxb4 Nxa6 30. Bxa6 R8c2+ 31. Bd2 Rxb2 32. Bd3 g6 33.
Rxa5 Rg1 34. g3 Rc1 35. e4 dxe4 36. Bxe4 Rc4 37. Ke3 Rb3+ 38. Bd3 Kg7 39. Rc5
Ra4 40. Bc3 Raa3 41. Kd2 Kg8 42. Rc8+ Kh7 43. d5 e5 44. d6 Ra7 45. Bxe5 1-0

[Event "Ontario-ch U20"]
[Site "Mississauga CAN"]
[Date "2019.01.12"]
[Round "3.5"]
[White "Ramesh, Sanjay"]
[Black "Liu, Henry"]
[Result "0-1"]
[WhiteElo "1744"]
[BlackElo "1876"]
[PlyCount "48"]
[EventDate "2019.01.12"]
[EventType "swiss"]
[EventRounds "5"]
[EventCountry "CAN"]

1. d4 Nf6 2. c4 g6 3. Nc3 Bg7 4. Bf4 O-O 5. Qd2 d5 6. cxd5 Nxd5 7. Bh6 Bxh6 8.
Qxh6 Nb4 9. O-O-O Qd6 10. h4 Qc6 11. d5 Qc5 12. h5 Nxa2+ 13. Kd2 Nxc3 14. hxg6
Qd4+ 15. Kc2 Bf5+ 16. Rd3 Bxd3+ 17. exd3 Qg7 18. gxf7+ Rxf7 19. Qe6 Na4 20.
Qc8+ Rf8 21. Qe6+ Kh8 22. d4 Qxd4 23. Rxh7+ Kxh7 24. Bd3+ Qxd3+ 0-1